Ionic liquids in synthesis (Record no. 1959)

000 -LEADER
fixed length control field 00544nam a22002297a 4500
001 - CONTROL NUMBER
control field 1959
003 - CONTROL NUMBER IDENTIFIER
control field BD-DhUET
008 - FIXED-LENGTH DATA ELEMENTS--GENERAL INFORMATION
fixed length control field 0
020 ## - INTERNATIONAL STANDARD BOOK NUMBER
International Standard Book Number 9783527312399
040 ## - CATALOGING SOURCE
Transcribing agency 0
Modifying agency BD-DhUET
082 ## - DEWEY DECIMAL CLASSIFICATION NUMBER
Classification number 547.2
Item number WAS/2008
100 ## - MAIN ENTRY--PERSONAL NAME
Personal name Wasserscheid, Peter
245 ## - TITLE STATEMENT
Title Ionic liquids in synthesis
250 ## - EDITION STATEMENT
Edition statement 2nd rev.enl.ed.
260 ## - PUBLICATION, DISTRIBUTION, ETC. (IMPRINT)
Place of publication, distribution, etc. Weinheim
Name of publisher, distributor, etc. WILEY-VCH Verlag GmbH
Date of publication, distribution, etc. 2008
300 ## - PHYSICAL DESCRIPTION
Extent xxv, 367 p.
501 ## - WITH NOTE
With note Volume 1
504 ## - BIBLIOGRAPHY, ETC. NOTE
Bibliography, etc Includes bibliographies
650 #0 - SUBJECT ADDED ENTRY--TOPICAL TERM
Topical term or geographic name as entry element Organic compounds-Synthesis
700 ## - ADDED ENTRY--PERSONAL NAME
Personal name Welton, Tom
942 ## - ADDED ENTRY ELEMENTS (KOHA)
Koha item type Edited Book
Holdings
Lost status Date acquired Koha date last seen Location (home branch) Damaged status Koha full call number Koha item type Copy number Source of classification or shelving scheme Price effective from Sublocation or collection (holding branch) Koha normalized classification for sorting Shelving location Withdrawn status Not for loan Piece designation (barcode)
 2014-09-152014-09-15Central Library, BUET 547.2/WAS/2008Edited Book1 2014-09-15Central Library, BUET547_000000000000000_2WAS2008Circulation section  106997
 2014-09-152014-09-15Central Library, BUET 547.2/WAS/2008Edited Book2 2014-09-15Central Library, BUET547_000000000000000_2WAS2008Circulation section  106999
 2009-05-162017-04-04Central Library, BUET 547.2/WAS/2008Edited Book3 2017-04-04Central Library, BUET547_200000000000000_WAS_2008Circulation section  106998